logo

Bir Sreshtho Munshi Abdur Rouf Library
Jhenaidah Cadet College

The night is darkening round me / (Record no. 14446)

MARC details
000 -LEADER
fixed length control field 00639nam a22002417a 4500
001 - CONTROL NUMBER
JCCL Control Number 14446
003 - CONTROL NUMBER IDENTIFIER
JCCL marc code BD-JhCC
005 - DATE AND TIME OF LATEST TRANSACTION
control field 20251118114724.0
008 - FIXED-LENGTH DATA ELEMENTS--GENERAL INFORMATION
fixed length control field 251118b |||||||| |||| 00| 0 eng d
020 ## - INTERNATIONAL STANDARD BOOK NUMBER
International Standard Book Number 9780141398471
035 ## - SYSTEM CONTROL NUMBER
system control number (BD-JhCC) 14446
040 ## - CATALOGING SOURCE
Original cataloging agency BD-JhCC
Modifying agency BD-JhCC
041 ## - LANGUAGE CODE
Language code of Book eng
082 ## - DEWEY DECIMAL CLASSIFICATION NUMBER
DDC Edition number 23
Classification number 821
Author mark and Year BRO
100 ## - MAIN ENTRY--PERSONAL NAME
Personal name Brontë,Emily
245 ## - TITLE STATEMENT
Title The night is darkening round me /
Statement of responsibility, etc Emily Brontë
260 ## - PUBLICATION, DISTRIBUTION, ETC. (IMPRINT)
Place of publication, distribution, etc London:
Name of publisher, distributor, etc Penguin Classics,
Date of publication, distribution, etc 2015
300 ## - PHYSICAL DESCRIPTION
Pagination 54 p.;
Dimensions 17 cm.
Accompanying material Paper
490 ## - SERIES STATEMENT
Series statement Penguin Little black classics
Volume number/sequential designation N, 63
650 ## - SUBJECT ADDED ENTRY--TOPICAL TERM
Topical term or geographic name as entry element Literature
650 ## - SUBJECT ADDED ENTRY--TOPICAL TERM
Topical term or geographic name as entry element English Poems
942 ## - ADDED ENTRY ELEMENTS (KOHA)
Source of classification or shelving scheme Dewey Decimal Classification
Koha item type Books
Holdings
Source of classification or shelving scheme Damaged status Not for loan Collection code Home library Current library Shelving location Date of accession Total Checkouts Full call number Barcode Date last seen Copy number Method of acquisition Koha item type Currency
Dewey Decimal Classification     Fiction JCC Rouf Library JCC Rouf Library General Stacks     821 BRO 20166 11/18/2025 C-1 Purchase Books BDT

JCC Library | Contacts | JCC Home

Last Update on 23 September 2017
Copyright @ 2017-2020 JCC Rouf Library
Rouf Library, Jhenidah Cadet College (JCC), Bangladesh